00745nam a2200205 i 450000100060000000300090000600500170001500700030003200800410003508000170007608000230009310000290011624501460014526000520029130000560034365100330039965100400043270000480047285200190052020323ES-MaACL20250711195316.0t|021111s1899 sp |||| | spa d a904(460.353) a94(460.35)".../04"1 aAguilar y Cano, Antonio.10aAstapa : bestudio geográfico / cpor Antonio Aguilar y Cano ; con carta-prólogo del Excmo. Sr. Doctor D. Manuel Rodríguez de Berlanga. aSevilla : b[s.n.], c1899 (fImp. de E. Rasco) aXL, 199 p., [3] h. de lám. : b1 plano ; c24 cm. 4aAstapa (Ciudad desaparecida) 4aAndalucía-xHistoria-yHasta S.V.1 aRodríguez de Berlanga, Manuel,d1825-1909 aES-MaACLjG-43